• 首页
  • 本馆介绍
  • 公告通知
  • 最新文献
  • 馆藏检索
  • 电子资源
  • 读者导购
  • 参考咨询
  • 我的图书馆
  • 登录
  • 详细信息显示
  • 放入我的书架
  • 预约/预借图书
  • 作者相关作品
  • 分类相关作品
  • 丛书相关作品
  • 出版社相关作品

书目信息

  • 表格格式
  • 工作单格式
  • 卡片格式
题名:
木结构设计手册
    
 
作者: ;《木结构设计手册》编写组 编
分册:  
出版信息: 北京   中国建筑工业出版社  1981
页数: 496页
开本: 21cm
丛书名:
单 册:
中图分类: TU366.2
科图分类:
主题词: 土结构 , 砖石结构 , 竹结构 , 木结构 , 砌块结构
电子资源:
ISBN:
000 00794nam0 2200289 45
001 0181006490
005 20040921161441.5
010    @b精装@dCNY2.65
091    @a15040.4051
100    @a19950605d1981 em y0chiy0121 ea
101 0  @achi
102    @aCN@b110000
105    @ay z 000yy
106    @ar
200 10 @a木结构设计手册@Amu jie gou she ji shou ce@f《木结构设计手册》编写组编@F《Mu Jie Gou She Ji Shou Ce》Bian Xie Zu Bian
210    @a北京@c中国建筑工业出版社@d1981
215    @a496页@d21cm
606 0  @a土结构
606 0  @a砖石结构
606 0  @a竹结构
606 0  @a木结构
606 0  @a砌块结构
690    @aTU366.2
711 02 @a《木结构设计手册》编写组@4编
801  0 @aCN@b上海图书馆@c20040921
801  2 @aCN@bNLC@c20040921
905    @f1@b218092@dTU366.2@e136
    
    木结构设计手册/《木结构设计手册》编写组编.-北京:中国建筑工业出版社,1981
    496页;21cm
    
    
    ISBN (精装):CNY2.65
    
●
相关链接 在E读中查询图书 在五车中查询图书 在当当中查询图书 在豆瓣中查询图书


正题名:木结构设计手册     索取号:TU366.2/136         预约/预借

序号 登录号 条形码 馆藏地/架位号 状态 备注
1 0218092   000561172   工具书阅览室/ [索取号:TU366.2/136] 在馆    
2 0218093   000561163   第二样本阅览室/ [索取号:TU366.2/136] 在馆    
唐山师范学院图书馆 欢迎您!
大连网信软件有限公司© 版权所有